اطلس العالم الاسلامي

Bibliographic Details
Format: Book
Published: Jeddah Dar al-Bayan al-'Arabi 1983
Subjects:

MARC

LEADER 00000cam a2200000 7i4500
001 0000000361
008 021118s1983
090 0 0 |a G1785  |b .A8 1983 
245 0 0 |a اطلس العالم الاسلامي  |c جمع واعداد مجموعة من المختصصين جغرافيا وتربويا, باشراف دولت احمد صادق 
260 2 |a Jeddah  |b Dar al-Bayan al-'Arabi  |c 1983 
300 |a 151 p.  |c 32 cm 
650 0 |a Islamic countries  |x Geography  |v Maps 
999 |a 1000026966  |b Book  |c Reference  |e Gong Badak Campus